| 000 | 00763nam a22002297a 4500 | ||
|---|---|---|---|
| 001 | 7614 | ||
| 003 | FISKH | ||
| 005 | 20250728095639.0 | ||
| 008 | 250728b cb ||||| |||| 00| 0 eng d | ||
| 020 | _a9780333426210 | ||
| 040 |
_aFISKH _beng _cFISKH _dFISKH |
||
| 050 | _aS519.D56 | ||
| 082 | _a630 | ||
| 100 | _aDineen, Jacqueline | ||
| 245 |
_aFarming / _cJacqueline Dineen |
||
| 260 |
_aNew York : _bMacmillan Education, _c1987. |
||
| 300 |
_a48 pages : _bcolor illustrations ; _c25 cm |
||
| 520 | _bDescribes the development of agriculture, the influence of weather and climate, different types of farming throughout the world, and ways of improving farming in the future. | ||
| 650 |
_aFood _vHow people live |
||
| 942 |
_2ddc _cBK _n0 |
||
| 999 |
_c7614 _d7614 |
||